[Event "SR 3. liga A2 2016/2017"]
[Site "?"]
[Date "2017.02.05"]
[Round "8.3"]
[White "Kalmar, Tamas"]
[Black "Gasa, Andrej"]
[Result "0-1"]
[WhiteElo "2070"]
[BlackElo "2279"]
[PlyCount "134"]
[EventDate "2016.??.??"]

1. d4 Nf6 2. c4 e6 3. Nf3 b6 4. g3 Ba6 5. Qc2 Bb4+ 6. Nbd2 O-O 7. Bg2 d5 8. O-O
Bb7 9. a3 Be7 10. b3 Nbd7 11. Bb2 c5 12. Rac1 Rc8 13. Qb1 dxc4 14. Nxc4 cxd4
15. Nxd4 Bxg2 16. Kxg2 Nc5 17. Rfd1 Qd5+ 18. Nf3 Qb7 19. b4 Nce4 20. Ncd2 Rxc1
21. Qxc1 Rc8 22. Qa1 Rc2 23. Kg1 Qa6 24. Bxf6 Nxf6 25. Nd4 Rc8 26. b5 Qa4 27.
Nc6 Bc5 28. Rb1 Kf8 29. Qa2 a6 30. Qb3 Qxb5 31. Qxb5 axb5 32. Nb4 Ra8 33. Nd3
Bxa3 34. Rxb5 Nd7 35. Nc4 Ra6 36. Nde5 Nxe5 37. Nxe5 Ke8 38. Nc6 Bc5 39. e3 Ra2
40. Kf1 f6 41. Nb4 Ra1+ 42. Ke2 Kd7 43. Nd3 Ra2+ 44. Kf3 Kc6 45. Rb3 f5 46.
Ne5+ Kd5 47. Nd7 Kc6 48. Ne5+ Kc7 49. h3 Ra4 50. Rb2 Re4 51. Nd3 Kc6 52. Ke2 g6
53. Kd2 Kd6 54. Kc3 Ra4 55. Kd2 e5 56. Kc2 Kd5 57. Kd2 Ra3 58. Rc2 Rb3 59. Nc1
Ra3 60. Ke2 e4 61. Na2 b5 62. Kd1 b4 63. Rb2 b3 64. Nc3+ Kc4 65. Nb1 Ra1 66.
Ke2 Bb4 67. f3 Ra2 0-1

[Event "SR 3. liga A2 2016/2017"]
[Site "?"]
[Date "2017.02.05"]
[Round "8.3"]
[White "Sebesta, Radovan"]
[Black "Veselsky, Jozef"]
[Result "1/2-1/2"]
[WhiteElo "1984"]
[BlackElo "2078"]
[PlyCount "131"]
[EventDate "2016.??.??"]

1. d4 Nf6 2. c4 e6 3. g3 c5 4. d5 d6 5. Bg2 Nbd7 6. Nc3 exd5 7. cxd5 Be7 8. Nf3
O-O 9. O-O Re8 10. e4 Bf8 11. Qc2 b5 12. Re1 b4 13. Na4 g6 14. Bf4 Nb6 15. Nxb6
axb6 16. Bg5 h6 17. Bf4 Bg7 18. Nd2 Nh5 19. Be3 Ra7 20. a4 Bd7 21. Nc4 Qc7 22.
h3 b5 23. axb5 Rxa1 24. Rxa1 Bxb5 25. Rb1 Bxc4 26. Qxc4 Nf6 27. Bf4 Nd7 28. Qb5
Rb8 29. Qa6 Qb6 30. Qxb6 Rxb6 31. b3 Ne5 32. Bxe5 Bxe5 33. Bf1 Rb7 34. Rc1 Ra7
35. Rc2 Ra1 36. Kg2 g5 37. Bc4 Kg7 38. Re2 Kf6 39. Kf3 Bd4 40. Kg4 Kg6 41. Kf3
h5 42. Kg2 Kf6 43. Kf3 Ke5 44. Kg2 Rc1 45. Bb5 Rc3 46. Ba4 g4 47. hxg4 hxg4 48.
Bd7 Rxb3 49. Bxg4 Rb2 50. f4+ Kf6 51. Rxb2 Bxb2 52. Kf2 c4 53. Ke2 Bd4 54. Kd2
Bf2 55. Be2 c3+ 56. Kd3 Bxg3 57. Bd1 Bxf4 58. Kc4 Bd2 59. Bc2 Ke5 60. Kxb4 Kd4
61. Kb3 Bf4 62. Kb4 Be5 63. Kb3 f5 64. exf5 Kxd5 65. Bd3 Kd4 66. Kc2 1/2-1/2

[Event "SR 3. liga A2 2016/2017"]
[Site "?"]
[Date "2017.02.05"]
[Round "8.3"]
[White "Ivan, Imrich Ml"]
[Black "Palka, Miroslav"]
[Result "0-1"]
[WhiteElo "1997"]
[BlackElo "1921"]
[PlyCount "70"]
[EventDate "2016.??.??"]

1. Nf3 Nf6 2. b3 g6 3. Bb2 Bg7 4. e3 d5 5. c4 e6 6. d4 O-O 7. Bd3 b6 8. O-O Bb7
9. Ne5 Nbd7 10. f4 c5 11. dxc5 Nxc5 12. Be2 Nfd7 13. Nd2 Nxe5 14. Bxe5 Bxe5 15.
fxe5 Qg5 16. Nf3 Qxe3+ 17. Kh1 dxc4 18. bxc4 Rad8 19. Qe1 Ne4 20. Bd1 Qxe1 21.
Rxe1 Nf2+ 22. Kg1 Nxd1 23. Rexd1 Bxf3 24. gxf3 Rxd1+ 25. Rxd1 Rc8 26. Rc1 Rc5
27. f4 b5 28. Rb1 bxc4 29. Kf2 c3 30. Ke3 Ra5 31. Kd3 Rxa2 32. Kxc3 Rxh2 33.
Ra1 Rh4 34. Ra4 g5 35. Rxa7 Rxf4 0-1

[Event "SR 3. liga A2 2016/2017"]
[Site "?"]
[Date "2017.02.05"]
[Round "8.3"]
[White "Palka, Martin"]
[Black "Meszaros, Lorant"]
[Result "1/2-1/2"]
[WhiteElo "1871"]
[BlackElo "1994"]
[PlyCount "84"]
[EventDate "2016.??.??"]

1. Nf3 f5 2. c4 Nf6 3. Nc3 d6 4. d4 g6 5. Qc2 Bg7 6. Bg5 Nc6 7. a3 O-O 8. O-O-O
a6 9. e3 Na7 10. h4 h6 11. Bf4 Rb8 12. b4 b5 13. c5 Be6 14. Be2 a5 15. Nd2 axb4
16. axb4 Nd5 17. Nxd5 Bxd5 18. Bf3 Bxf3 19. Nxf3 Nc6 20. Qb3+ d5 21. Be5 e6 22.
Bxg7 Kxg7 23. g3 Ra8 24. Ne1 Ra4 25. Nc2 Qd7 26. Kb2 Rfa8 27. Ra1 Qc8 28. Rxa4
Rxa4 29. Ra1 Rxa1 30. Kxa1 Qa6+ 31. Kb2 Ne7 32. Qa3 Qxa3+ 33. Nxa3 c6 34. Kc3
Kf6 35. Kd3 g5 36. hxg5+ Kxg5 37. f3 h5 38. Ke2 h4 39. gxh4+ Kxh4 40. Kf2 Kg5
41. Kg3 Kf6 42. f4 Ng6 1/2-1/2

[Event "SR 3. liga A2 2016/2017"]
[Site "?"]
[Date "2017.02.05"]
[Round "8.3"]
[White "Vegh, Vince"]
[Black "Skapikova, Lubica"]
[Result "1-0"]
[WhiteElo "1911"]
[BlackElo "1896"]
[PlyCount "85"]
[EventDate "2016.??.??"]

1. e4 e5 2. Nf3 Nc6 3. Bb5 a6 4. Ba4 Nf6 5. O-O Be7 6. Re1 b5 7. Bb3 O-O 8. c3
d5 9. exd5 Nxd5 10. Nxe5 Nxe5 11. Rxe5 c6 12. d4 Bd6 13. Re1 Qh4 14. g3 Qh3 15.
Be3 Bg4 16. Qd3 Rae8 17. Nd2 Kh8 18. a4 f5 19. Bxd5 cxd5 20. f4 g5 21. Qf1
Qxf1+ 22. Kxf1 Bh3+ 23. Kf2 b4 24. c4 gxf4 25. Bxf4 Bxf4 26. gxf4 dxc4 27. Nxc4
Rd8 28. Ke3 Rg8 29. Rg1 Bg2 30. Ne5 Bd5 31. Rac1 Rg7 32. Rxg7 Kxg7 33. Rc7+ Kg8
34. Kd3 Rd6 35. Rd7 Be4+ 36. Kc4 Rh6 37. d5 Rxh2 38. Kxb4 Rxb2+ 39. Kc5 Rc2+
40. Kd6 Rd2 41. Ke6 Rd4 42. d6 Rxa4 43. Kf6 1-0

[Event "SR 3. liga A2 2016/2017"]
[Site "?"]
[Date "2017.02.05"]
[Round "8.3"]
[White "Huska, Branislav"]
[Black "Both, Lajos"]
[Result "1-0"]
[WhiteElo "1803"]
[BlackElo "1812"]
[PlyCount "85"]
[EventDate "2016.??.??"]

1. e4 c5 2. Nf3 Nc6 3. d4 cxd4 4. Nxd4 Nf6 5. Nc3 e5 6. Ndb5 d6 7. Bg5 a6 8.
Na3 b5 9. Bxb5 axb5 10. Naxb5 Be6 11. Bxf6 gxf6 12. Nd5 Bxd5 13. Qxd5 Ra6 14.
O-O-O Bh6+ 15. Kb1 O-O 16. Nxd6 Nb4 17. Qc5 Qa5 18. Qxa5 Rxa5 19. Nf5 Bg7 20.
a3 Rfa8 21. Rd7 Bf8 22. Rhd1 Nc6 23. R1d3 R5a7 24. Rxa7 Rxa7 25. b4 Nd4 26.
Nxd4 exd4 27. Kb2 Rd7 28. Kb3 Bh6 29. c3 Re7 30. Rxd4 Bg7 31. Rd8+ Bf8 32. a4
Rxe4 33. a5 Kg7 34. a6 Re7 35. b5 Ra7 36. Ka4 Bc5 37. Ka5 Bxf2 38. b6 Re7 39.
b7 Re5+ 40. Kb4 Bc5+ 41. Kc4 Ba7 42. Ra8 Rc5+ 43. Kb4 1-0

[Event "SR 3. liga A2 2016/2017"]
[Site "?"]
[Date "2017.02.05"]
[Round "8.3"]
[White "Sarkozi, Szabolcs"]
[Black "Kir, Kvetoslav"]
[Result "1-0"]
[WhiteElo "1625"]
[BlackElo "1767"]
[PlyCount "79"]
[EventDate "2016.??.??"]

1. e4 e6 2. d4 d5 3. e5 c5 4. c3 Nc6 5. Nf3 Qb6 6. Be2 Nge7 7. Na3 cxd4 8. cxd4
Nf5 9. Bb5 Bb4+ 10. Bd2 Bxa3 11. Bxc6+ bxc6 12. bxa3 Nxd4 13. O-O Nxf3+ 14.
Qxf3 O-O 15. Qg3 Kh8 16. Rab1 Qc7 17. Rb4 f5 18. Rh4 Qf7 19. Qh3 g6 20. Bb4 Rd8
21. Rd1 Ba6 22. Rdd4 c5 23. Rxh7+ Qxh7 24. Rh4 Rd7 25. Bxc5 Rc8 26. Be3 d4 27.
Bg5 Rc3 28. f3 Rd3 29. Kf2 Rxa3 30. Rxh7+ Rxh7 31. Qg3 Rxa2+ 32. Ke1 Rb7 33.
Bf6+ Kh7 34. Qh4+ Kg8 35. Qh8+ Kf7 36. Qg7+ Ke8 37. Qg8+ Kd7 38. Qf7+ Kc6 39.
Qxe6+ Kc5 40. Qxa2 1-0

[Event "SR 3. liga A2 2016/2017"]
[Site "?"]
[Date "2017.02.05"]
[Round "8.3"]
[White "Fidericky, Milan"]
[Black "Gyurkovics, Gergely"]
[Result "1/2-1/2"]
[WhiteElo "1739"]
[BlackElo "1572"]
[PlyCount "103"]
[EventDate "2016.??.??"]

1. d4 d5 2. c4 e6 3. Nc3 Nf6 4. Nf3 Nc6 5. Bg5 Bb4 6. a3 Bxc3+ 7. bxc3 h6 8.
Bh4 b6 9. e3 O-O 10. cxd5 exd5 11. Bd3 Bg4 12. h3 Bh5 13. g4 Bg6 14. Ne5 Bxd3
15. Qxd3 Qd6 16. Bg3 Ne4 17. Bh2 Qf6 18. O-O Ng5 19. f4 Ne4 20. c4 Nxe5 21.
dxe5 Qc6 22. cxd5 Qa4 23. Rac1 Nc5 24. Qc3 Rfd8 25. Rfd1 Qe4 26. Rd4 Qf3 27. e4
Qe2 28. Rc2 Qb5 29. Qb4 Qd7 30. f5 c6 31. e6 fxe6 32. fxe6 Nxe6 33. Rdd2 Nc5
34. dxc6 Qxc6 35. Qc4+ Kh7 36. Rd5 Qa4 37. Qxa4 Nxa4 38. Rc7 Nc5 39. Be5 Ne6
40. Rcd7 Kg8 41. Rxd8+ Rxd8 42. Rxd8+ Nxd8 43. Kf2 Ne6 44. Ke3 Kf7 45. h4 g6
46. Bd6 Nd8 47. Bf4 h5 48. gxh5 gxh5 49. Be5 Ne6 50. Kd3 b5 51. Bd6 a5 52. Ke3
1/2-1/2

[Event "SR 3. liga A2 2016/2017"]
[Site "?"]
[Date "2017.02.05"]
[Round "8.4"]
[White "Cech, Dominik"]
[Black "Takacs, Laszlo"]
[Result "1/2-1/2"]
[WhiteElo "2212"]
[BlackElo "2208"]
[PlyCount "99"]
[EventDate "2016.??.??"]

1. e4 c5 2. Nf3 e6 3. d4 cxd4 4. Nxd4 a6 5. Bd3 Qc7 6. Nc3 Nf6 7. O-O Nc6 8.
Nb3 Be7 9. f4 d6 10. Qf3 O-O 11. Bd2 b5 12. a3 Bb7 13. Qh3 g6 14. f5 exf5 15.
exf5 Ne5 16. Bh6 Rfe8 17. fxg6 hxg6 18. Bg5 Nfg4 19. Bxe7 Qb6+ 20. Kh1 Rxe7 21.
Qh4 Rae8 22. Be4 f5 23. Bd5+ Kg7 24. h3 Ne3 25. Bxb7 Qxb7 26. Rf2 N5g4 27. Re2
f4 28. Na5 Qc7 29. Nb3 Re5 30. Nd4 Qb7 31. Kg1 Rh8 32. Qe1 Qb6 33. Qd2 Nf5 34.
Rxe5 Nxe5 35. Rd1 Nc6 36. Nce2 f3 37. gxf3 Rxh3 38. Kg2 Ncxd4 39. Kxh3 Nxf3 40.
Qc3+ Ne5 41. Nd4 Kf6 42. Nxf5 gxf5 43. Qd2 Nf7 44. Qc3+ Ne5 45. Qg3 Qc5 46. c3
Nf7 47. Qh4+ Ng5+ 48. Kg2 Qe5 49. Qh6+ Kf7 50. Qxg5 1/2-1/2

[Event "SR 3. liga A2 2016/2017"]
[Site "?"]
[Date "2017.02.05"]
[Round "8.4"]
[White "Cibulka, Vladimir"]
[Black "Abel, Peter"]
[Result "1/2-1/2"]
[WhiteElo "2171"]
[BlackElo "2202"]
[PlyCount "21"]
[EventDate "2016.??.??"]

1. g3 g6 2. Nf3 Nf6 3. Bg2 Bg7 4. b3 O-O 5. Bb2 d6 6. O-O e5 7. d3 Nc6 8. e4 h6
9. Nbd2 Be6 10. Re1 Qd7 11. Nc4 1/2-1/2

[Event "SR 3. liga A2 2016/2017"]
[Site "?"]
[Date "2017.02.05"]
[Round "8.4"]
[White "Nemsak, Denis"]
[Black "Merva, Frantisek"]
[Result "1-0"]
[WhiteElo "2026"]
[BlackElo "2107"]
[PlyCount "67"]
[EventDate "2016.??.??"]

1. f4 d5 2. Nf3 c6 3. b3 Nf6 4. Bb2 Bg4 5. e3 e6 6. Be2 Nbd7 7. O-O a5 8. a4
Qb6 9. Ne5 Bf5 10. Kh1 h5 11. c4 h4 12. Bd4 Qd8 13. d3 Bc5 14. Bxc5 Nxc5 15. h3
Qb6 16. Nd2 Ncd7 17. Nxd7 Nxd7 18. d4 Nf6 19. Rc1 Qb4 20. Re1 Kf8 21. Bf3 Rd8
22. Qe2 g6 23. cxd5 exd5 24. e4 dxe4 25. Nxe4 Bxe4 26. Bxe4 Re8 27. Qd3 Kg7 28.
Re3 Nxe4 29. Rxe4 f5 30. Re5 Rd8 31. Rc4 Qa3 32. d5 Rxd5 33. Rxd5 cxd5 34. Qd4+
1-0

[Event "SR 3. liga A2 2016/2017"]
[Site "?"]
[Date "2017.02.05"]
[Round "8.4"]
[White "Rachela, Jozef"]
[Black "Mihalik, Marek"]
[Result "1/2-1/2"]
[WhiteElo "2041"]
[BlackElo "2015"]
[PlyCount "21"]
[EventDate "2016.??.??"]

1. e4 c5 2. Nc3 d6 3. g3 Nc6 4. Bg2 g6 5. d3 Bg7 6. Nge2 e6 7. Be3 Nge7 8. O-O
O-O 9. Qd2 Rb8 10. d4 b6 11. Rad1 1/2-1/2

[Event "SR 3. liga A2 2016/2017"]
[Site "?"]
[Date "2017.02.05"]
[Round "8.4"]
[White "Podjavorinsky, Michal"]
[Black "Matis, Tibor ml"]
[Result "1/2-1/2"]
[WhiteElo "1848"]
[BlackElo "1842"]
[PlyCount "125"]
[EventDate "2016.??.??"]

1. e4 c5 2. Nc3 Nc6 3. d3 e6 4. g3 Nf6 5. Bg2 Be7 6. Nge2 O-O 7. O-O a6 8. h3
d5 9. exd5 Nxd5 10. Nxd5 exd5 11. Nc3 Be6 12. f4 d4 13. Ne4 Bd5 14. f5 Bxe4 15.
Bxe4 f6 16. Bf4 Bd6 17. Bd5+ Kh8 18. Bxc6 bxc6 19. Qf3 Qc7 20. Rae1 Rae8 21.
Bxd6 Qxd6 22. Kf2 g6 23. fxg6 hxg6 24. Re4 Re5 25. Kg2 Rxe4 26. Qxe4 f5 27.
Qh4+ Kg7 28. Re1 Qd5+ 29. Kf2 Qxa2 30. Re7+ Rf7 31. Re8 Rf8 32. Rxf8 Kxf8 33.
Qf6+ Qf7 34. Qxc6 Qe7 35. Qf3 Kg7 36. h4 Qe6 37. Qf4 Qe7 38. Kf3 Qb7+ 39. Kf2
Qf7 40. b3 a5 41. Qd2 Qc7 42. h5 Qe5 43. Qg5 Qe6 44. hxg6 Qe5 45. Kf3 Qe6 46.
Kf4 Qxg6 47. Qxf5 Qc6 48. Qe5+ Kf7 49. g4 Qh6+ 50. Ke4 Qh1+ 51. Kf5 Qh7+ 52.
Kg5 Qg6+ 53. Kh4 Qc6 54. Qf5+ Kg7 55. g5 Qh1+ 56. Kg3 Qg1+ 57. Kh3 Qh1+ 58. Kg4
Qg2+ 59. Kf4 Qxc2 60. Qf6+ Kg8 61. Qg6+ Kf8 62. Qh6+ Kg8 63. Qg6+ 1/2-1/2

[Event "SR 3. liga A2 2016/2017"]
[Site "?"]
[Date "2017.02.05"]
[Round "8.4"]
[White "Olle, Akos"]
[Black "Mihalik, Anton"]
[Result "0-1"]
[WhiteElo "1290"]
[BlackElo "1940"]
[PlyCount "34"]
[EventDate "2016.??.??"]

1. e4 c5 2. Nf3 d6 3. d4 cxd4 4. Nxd4 Nf6 5. Nc3 a6 6. Be3 e6 7. Bd3 Be7 8. f4
Qc7 9. Qe2 Nbd7 10. g4 Nc5 11. Nb3 Nfd7 12. f5 Bh4+ 13. Bf2 Bxf2+ 14. Qxf2 Ne5
15. Nxc5 dxc5 16. Qf4 Nxd3+ 17. cxd3 Qxf4 0-1

[Event "SR 3. liga A2 2016/2017"]
[Site "?"]
[Date "2017.02.05"]
[Round "8.4"]
[White "Manak, Adrian"]
[Black "Minarik, Jozef"]
[Result "1-0"]
[WhiteElo "1941"]
[BlackElo "1246"]
[PlyCount "61"]
[EventDate "2016.??.??"]

1. e4 g6 2. d4 Bg7 3. Nc3 e6 4. f4 Ne7 5. Be3 O-O 6. Qd2 d6 7. O-O-O Nd7 8. h4
d5 9. e5 a6 10. Bd3 b6 11. f5 exf5 12. Bh6 Re8 13. Bxg7 Kxg7 14. h5 Nf8 15.
hxg6 fxg6 16. Qh6+ Kg8 17. Nf3 Nc6 18. g4 Nb4 19. Ng5 Nxd3+ 20. Rxd3 Re7 21.
Rf3 c5 22. Rd1 fxg4 23. Rf4 c4 24. Nxd5 Rg7 25. Rdf1 Bf5 26. Ne3 Rc8 27. d5 Qe7
28. Nxf5 gxf5 29. Rxf5 Rg6 30. Rxf8+ Rxf8 31. Rxf8+ 1-0

[Event "SR 3. liga A2 2016/2017"]
[Site "?"]
[Date "2017.02.05"]
[Round "8.5"]
[White "Jozefek, Michal"]
[Black "Skreno, Vladimir"]
[Result "1/2-1/2"]
[WhiteElo "2199"]
[BlackElo "2204"]
[PlyCount "70"]
[EventDate "2016.??.??"]

1. d4 Nf6 2. c4 g6 3. Nc3 Bg7 4. e4 d6 5. Be2 O-O 6. Nf3 e5 7. d5 a5 8. Bg5 h6
9. Bh4 Na6 10. Nd2 Qe8 11. a3 Bd7 12. b3 Nh7 13. f3 h5 14. Bf2 Bh6 15. Rb1 Qe7
16. Rb2 Nc5 17. O-O f5 18. b4 axb4 19. axb4 Na4 20. Nxa4 Rxa4 21. c5 Raa8 22.
Nc4 fxe4 23. fxe4 Nf6 24. Qc2 Ba4 25. Qd3 Bb5 26. h3 Bxc4 27. Qxc4 Nh7 28. cxd6
cxd6 29. Bb6 Rac8 30. Qd3 Rxf1+ 31. Bxf1 Qh4 32. g3 Qg5 33. h4 Qc1 34. Rb1 Qc3
35. Rb3 Qc1 1/2-1/2

[Event "SR 3. liga A2 2016/2017"]
[Site "?"]
[Date "2017.02.05"]
[Round "8.5"]
[White "Malar, Pavol"]
[Black "Stanec, Stanislav"]
[Result "1-0"]
[WhiteElo "2096"]
[BlackElo "2075"]
[PlyCount "81"]
[EventDate "2016.??.??"]

1. e4 c6 2. d4 d5 3. Nc3 dxe4 4. Nxe4 Nf6 5. Ng3 e5 6. Be3 Ng4 7. Bc4 Nxe3 8.
fxe3 exd4 9. exd4 Bd6 10. Qe2+ Qe7 11. Ne4 O-O 12. O-O-O Bf5 13. Nxd6 Qxd6 14.
Rf1 Bd7 15. Nf3 b5 16. Bb3 Bg4 17. h3 Bh5 18. g4 Bg6 19. h4 Nd7 20. h5 Rae8 21.
Ne5 Bxc2 22. Qxc2 Nxe5 23. dxe5 Rxe5 24. Rf5 c5 25. Rd1 Qe7 26. Rxe5 Qxe5 27.
Qf5 Qe3+ 28. Kb1 c4 29. Bc2 g6 30. Qxb5 Qf4 31. hxg6 hxg6 32. Qd7 a5 33. Qd4
Qc7 34. Rh1 f6 35. Bxg6 Qb7 36. Be4 Qc7 37. Qd5+ Qf7 38. Qxf7+ Kxf7 39. Bd5+
Kg6 40. Bxc4 Kg5 41. Be6 1-0

[Event "SR 3. liga A2 2016/2017"]
[Site "?"]
[Date "2017.02.05"]
[Round "8.5"]
[White "Harastova, Viera"]
[Black "Slamena, Michal"]
[Result "0-1"]
[WhiteElo "1861"]
[BlackElo "1988"]
[PlyCount "84"]
[EventDate "2016.??.??"]

1. d4 Nf6 2. c4 e6 3. Nc3 b6 4. Bg5 h6 5. Bh4 Bb7 6. e3 Be7 7. Be2 O-O 8. Bf3
d5 9. cxd5 exd5 10. Rc1 Nbd7 11. Be2 Ne4 12. Bxe7 Qxe7 13. Nxe4 dxe4 14. Rxc7
Bd5 15. a3 Qd6 16. Rc1 Rac8 17. Nh3 g5 18. O-O Be6 19. f4 exf3 20. Rxc8 Rxc8
21. Bxf3 Bxh3 22. gxh3 Re8 23. Re1 f5 24. Qc2 Rf8 25. Qc4+ Kg7 26. e4 Qf4 27.
Qe2 fxe4 28. Bxe4 Re8 29. Qg4 Qxg4+ 30. hxg4 Nf6 31. Rc1 Rxe4 32. Rc7+ Kg6 33.
Rxa7 Rxg4+ 34. Kf2 Rxd4 35. b4 Nd5 36. Rd7 Kf5 37. Rf7+ Ke4 38. Rh7 Rd2+ 39.
Kg3 Rd3+ 40. Kg2 h5 41. Rh6 Nf4+ 42. Kf2 Rd2+ 0-1

[Event "SR 3. liga A2 2016/2017"]
[Site "?"]
[Date "2017.02.05"]
[Round "8.5"]
[White "Racik, Marek"]
[Black "Hrubsa, Marian"]
[Result "0-1"]
[WhiteElo "1837"]
[BlackElo "1900"]
[PlyCount "84"]
[EventDate "2016.??.??"]

1. d4 d5 2. Nc3 e6 3. e4 Nf6 4. Bg5 Be7 5. Bxf6 Bxf6 6. e5 Be7 7. Nf3 c5 8.
Bb5+ Nc6 9. O-O O-O 10. Re1 Qb6 11. Qe2 Nxd4 12. Nxd4 cxd4 13. Na4 Qa5 14. a3
a6 15. Bd3 Qxa4 16. Qh5 g6 17. Qh6 Qe8 18. g4 f6 19. f4 fxe5 20. fxe5 Qf7 21.
Rf1 Qg7 22. Rxf8+ Bxf8 23. Qf4 Bc5 24. Kg2 Bd7 25. h4 Rf8 26. Qg3 Bb6 27. b3
Bc7 28. Re1 Qf7 29. Rf1 Qe7 30. Rh1 Qg7 31. Re1 Rf7 32. h5 gxh5 33. g5 Bd8 34.
g6 Rf8 35. Kh1 h6 36. Qh3 Rf4 37. Kg2 h4 38. a4 Bc7 39. Rf1 Qxe5 40. Rxf4 Qxf4
41. Kh1 Qf2 42. g7 Qg3 0-1

[Event "SR 3. liga A2 2016/2017"]
[Site "?"]
[Date "2017.02.05"]
[Round "8.5"]
[White "Planka, Peter"]
[Black "Gajarsky, Roman"]
[Result "0-1"]
[WhiteElo "1816"]
[BlackElo "1775"]
[PlyCount "54"]
[EventDate "2016.??.??"]

1. e4 e6 2. d4 c5 3. c3 d5 4. dxc5 Bxc5 5. Bb5+ Nc6 6. exd5 exd5 7. Nf3 Bxf2+
8. Kxf2 Qb6+ 9. Kg3 Qxb5 10. Re1+ Nge7 11. Kf2 Bg4 12. Kg1 O-O 13. a4 Qb6+ 14.
Kh1 Rfe8 15. Qd3 Ng6 16. Rf1 Rad8 17. b4 Nce5 18. Nxe5 Rxe5 19. Qg3 Qe6 20. h3
Bf5 21. Bg5 Re8 22. Nd2 f6 23. Bf4 Re2 24. Nf3 Nxf4 25. Qxf4 Bxh3 26. gxh3
Qxh3+ 27. Nh2 Qg2# 0-1

[Event "SR 3. liga A2 2016/2017"]
[Site "?"]
[Date "2017.02.05"]
[Round "8.5"]
[White "Barca, Michal"]
[Black "Harasta, Marian"]
[Result "1-0"]
[WhiteElo "1767"]
[BlackElo "1632"]
[PlyCount "57"]
[EventDate "2016.??.??"]

1. c4 c5 2. Nc3 e6 3. e4 Nc6 4. f4 Nd4 5. Nf3 g6 6. e5 d6 7. d3 Bh6 8. Nxd4
cxd4 9. Nb5 dxe5 10. fxe5 Bxc1 11. Nd6+ Kf8 12. Rxc1 Qa5+ 13. Qd2 Qxe5+ 14. Ne4
f5 15. Qb4+ Kg7 16. Qd6 Qa5+ 17. b4 Qa3 18. Qxd4+ Kf7 19. Ng5+ Ke7 20. Qg7+ Kd6
21. Rd1 Qxb4+ 22. Ke2 Nf6 23. Qxf6 Re8 24. g3 Bd7 25. Nf7+ Kc7 26. Qe5+ Kb6 27.
Bg2 Ka6 28. Rb1 Qa4 29. Bxb7# 1-0

[Event "SR 3. liga A2 2016/2017"]
[Site "?"]
[Date "2017.02.05"]
[Round "8.5"]
[White "Bartos, Bohumil"]
[Black "Janas, Peter"]
[Result "1-0"]
[WhiteElo "1612"]
[BlackElo "1678"]
[PlyCount "85"]
[EventDate "2016.??.??"]

1. d4 Nf6 2. c4 g6 3. Nc3 d5 4. cxd5 Nxd5 5. e4 Nxc3 6. bxc3 Bg7 7. Nf3 c5 8.
Be3 O-O 9. Be2 Qa5 10. Qd2 Nc6 11. Rd1 Rd8 12. O-O cxd4 13. cxd4 Qxd2 14. Rxd2
Bg4 15. Rfd1 Bd7 16. h3 Be8 17. d5 Ne5 18. Bd4 Nxf3+ 19. Bxf3 Bxd4 20. Rxd4
Rac8 21. e5 b5 22. d6 exd6 23. Rxd6 Rxd6 24. exd6 Bd7 25. Bg4 Bxg4 26. hxg4 f6
27. f4 h6 28. f5 Rd8 29. Kf2 gxf5 30. gxf5 Kf7 31. Kf3 a6 32. g4 Ke8 33. Re1+
Kf8 34. Re6 Kf7 35. Ke4 b4 36. Kd5 a5 37. Re7+ Kf8 38. Ke6 a4 39. Rf7+ Kg8 40.
Rb7 Re8+ 41. Kxf6 b3 42. axb3 axb3 43. Rxb3 1-0

[Event "SR 3. liga A2 2016/2017"]
[Site "?"]
[Date "2017.02.05"]
[Round "8.5"]
[White "Tupy, Bystrik"]
[Black "Danihel, Jozef"]
[Result "1-0"]
[WhiteElo "1714"]
[BlackElo "1514"]
[PlyCount "81"]
[EventDate "2016.??.??"]

1. e4 d5 2. e5 e6 3. d4 Ne7 4. Nf3 Ng6 5. Bd3 Nd7 6. O-O Be7 7. Nc3 a6 8. Ne2
b6 9. c3 Bb7 10. Nf4 Nxf4 11. Bxf4 h6 12. Bc2 c5 13. Be3 Rc8 14. Kh1 O-O 15.
Qd3 f5 16. exf6 Rxf6 17. Qh7+ Kf8 18. Ne5 Nxe5 19. dxe5 Rf5 20. Bxf5 exf5 21.
Qxf5+ Kg8 22. Qg4 Rc6 23. f4 d4 24. cxd4 cxd4 25. Bd2 Rc2 26. Rad1 Qd5 27. Rf3
Qc4 28. Rg3 Bf8 29. f5 Rxd2 30. Re1 Rf2 31. h4 Rf1+ 32. Rxf1 Qxf1+ 33. Kh2 Bc8
34. Rf3 Qe2 35. Qxd4 Bb7 36. Rg3 Qh5 37. f6 g5 38. e6 Bc5 39. Qd8+ Bf8 40. e7
Qxh4+ 41. Kg1 1-0

[Event "SR 3. liga A2 2016/2017"]
[Site "?"]
[Date "2017.02.05"]
[Round "8.6"]
[White "Horak, Ivan"]
[Black "Liptak, Dusan"]
[Result "1/2-1/2"]
[WhiteElo "2024"]
[BlackElo "2124"]
[PlyCount "123"]
[EventDate "2016.??.??"]

1. e4 c5 2. Nf3 d6 3. d4 cxd4 4. Nxd4 Nf6 5. Nc3 a6 6. f3 e5 7. Nb3 Be6 8. Be3
Be7 9. Qd2 Nbd7 10. O-O-O Rc8 11. Kb1 b5 12. g4 Nb6 13. Bxb6 Qxb6 14. g5 Nh5
15. Nd5 Bxd5 16. exd5 Nf4 17. h4 h6 18. Bd3 g6 19. h5 Bxg5 20. hxg6 fxg6 21.
Be4 b4 22. Qh2 Kf7 23. Nc1 a5 24. Nd3 Nxd3 25. Bxd3 Qb7 26. Qh3 Qe7 27. Rhg1
Rhg8 28. Rg2 Rc7 29. Qg4 Qd7 30. Qe4 Rg7 31. f4 exf4 32. Re1 Kg8 33. Qf3 Qf7
34. Re6 Re7 35. Rge2 Rxe6 36. Rxe6 Be7 37. Be4 h5 38. Qd3 Kh7 39. Qe2 Kh6 40.
Qf3 Bf8 41. a3 bxa3 42. Qxa3 Be7 43. Qxa5 f3 44. Qd2+ Bg5 45. Qf2 Qf4 46. Ka2
Rg8 47. c3 h4 48. Qxf3 Ra8+ 49. Kb3 Rb8+ 50. Kc4 Rc8+ 51. Kb5 Rb8+ 52. Kc6 Qxf3
53. Bxf3 Rxb2 54. Be4 Bf4 55. Bxg6 Kg5 56. c4 h3 57. c5 dxc5 58. d6 h2 59. Be4
Rd2 60. Kxc5 Rxd6 61. Rxd6 Bxd6+ 62. Kxd6 1/2-1/2

[Event "SR 3. liga A2 2016/2017"]
[Site "?"]
[Date "2017.02.05"]
[Round "8.6"]
[White "Kovacocy, Pavel"]
[Black "Hirmajer, Jan"]
[Result "1-0"]
[WhiteElo "2241"]
[BlackElo "1918"]
[PlyCount "43"]
[EventDate "2016.??.??"]

1. e4 c5 2. Nf3 Nc6 3. d4 cxd4 4. Nxd4 Nf6 5. Nc3 g6 6. Nxc6 bxc6 7. e5 Ng8 8.
Bc4 Bg7 9. Qf3 f6 10. O-O Qa5 11. Re1 f5 12. Bf4 Rb8 13. e6 Rxb2 14. exd7+ Bxd7
15. Re3 Rb4 16. Bxg8 Rxg8 17. Rae1 Bxc3 18. Rxe7+ Kd8 19. Qxc3 Qa4 20. Qe5 Re4
21. Rxd7+ Kxd7 22. Rd1+ 1-0

[Event "SR 3. liga A2 2016/2017"]
[Site "?"]
[Date "2017.02.05"]
[Round "8.6"]
[White "Sefcik, Marek St"]
[Black "Cechovic, Stefan"]
[Result "1/2-1/2"]
[WhiteElo "2016"]
[BlackElo "2123"]
[PlyCount "20"]
[EventDate "2016.??.??"]

1. c4 g6 2. Nc3 Bg7 3. g3 e5 4. Bg2 Ne7 5. d3 O-O 6. e3 d6 7. Nge2 Nd7 8. Rb1
f5 9. b4 Nf6 10. Nd5 c6 1/2-1/2

[Event "SR 3. liga A2 2016/2017"]
[Site "?"]
[Date "2017.02.05"]
[Round "8.6"]
[White "Sarmir, Milos"]
[Black "Chabada, Tomas St"]
[Result "1-0"]
[WhiteElo "2071"]
[BlackElo "1946"]
[PlyCount "89"]
[EventDate "2016.??.??"]

1. e4 e5 2. Nf3 Nc6 3. Bb5 a6 4. Bxc6 dxc6 5. O-O Qf6 6. d4 exd4 7. Bg5 Qg6 8.
Qxd4 Be6 9. Rd1 Nf6 10. Nc3 h6 11. Bh4 Be7 12. e5 Rd8 13. Qa7 Nd5 14. Bxe7 Kxe7
15. Qxb7 Rd7 16. Nd4 Re8 17. Qxc6 Nxc3 18. Qc5+ Kd8 19. Nc6+ Kc8 20. bxc3 Bh3
21. Na7+ Kb7 22. Rab1+ Ka8 23. Qc6+ Qxc6 24. Nxc6 Rxd1+ 25. Rxd1 Be6 26. a3 Kb7
27. Nd4 Rd8 28. f4 Ba2 29. Ra1 Bc4 30. Rb1+ Kc8 31. Kf2 c5 32. Nf3 Kc7 33. Ke3
Kc6 34. a4 Re8 35. Nd2 Be6 36. Kf3 g6 37. Ne4 Bd5 38. Ke3 Be6 39. Nd6 Rd8 40.
f5 Bd5 41. c4 Bxg2 42. Nxf7 Rf8 43. fxg6 Kc7 44. Kf4 Bc6 45. Kf5 1-0

[Event "SR 3. liga A2 2016/2017"]
[Site "?"]
[Date "2017.02.05"]
[Round "8.6"]
[White "Markuliak, Mario"]
[Black "Kahanek, Jaroslav"]
[Result "0-1"]
[WhiteElo "1895"]
[BlackElo "1838"]
[PlyCount "122"]
[EventDate "2016.??.??"]

1. c4 e5 2. Nc3 Nf6 3. g3 Be7 4. Bg2 O-O 5. Nf3 d6 6. O-O c6 7. d4 e4 8. Nd2 d5
9. cxd5 cxd5 10. Nb3 b6 11. Bg5 Nbd7 12. Rc1 Bb7 13. f3 a6 14. fxe4 Nxe4 15.
Nxe4 dxe4 16. Bxe7 Qxe7 17. Rc7 Bd5 18. Nd2 f5 19. Qc2 Qe6 20. Nc4 b5 21. Ne3
Nb6 22. Qc5 Rac8 23. Nxf5 Rxf5 24. Rxf5 Qxf5 25. Qxb6 Rf8 26. Rc1 Qf2+ 27. Kh1
Qxe2 28. Qd6 Bxa2 29. Qxa6 Bc4 30. Qa3 Qd3 31. Qxd3 Bxd3 32. d5 Rd8 33. Bh3 e3
34. Be6+ Kf8 35. Kg1 Bc4 36. Re1 e2 37. Kf2 Ke7 38. Ke3 Kd6 39. Kd4 Rf8 40. Ke3
h5 41. g4 g6 42. gxh5 gxh5 43. b3 Rf1 44. Kd2 Rxe1 45. Kxe1 Bxb3 46. Kxe2 Bxd5
47. Bf5 Ke5 48. Bg6 h4 49. Ke3 Bc4 50. Bh7 b4 51. Bg6 b3 52. Bh7 b2 53. Kf3 Be6
54. Bb1 Bf5 55. Ba2 h3 56. Kg3 Kd4 57. Kf4 Be6 58. Bb1 Kc3 59. Ke3 Bb3 60. Ke2
Bc2 61. Ba2 Kb4 0-1